000 00418ntaaa2200169 4500
003 01
005 20251027201554.0
008 0714s1973 ag 01
040 _aAR-BaBN
_bspa
_cAR-BaBN
_eaacr
_dRIC
082 _a230.0000 D84
100 _aDrummond, Robert J.
_914359
245 _aFaith's Certainties
250 _a1 ed. :
_bHodder and Stoughton,
_cc1909
300 _axv, 403 p.
650 _aTeologĂ­a
942 _cBK
999 _c10314
_d10314